تصميم الصحافة المطبوعة و إخراجها / (رقم التسجيلة. 125441)

تفاصيل مارك
000 -الفاتح
عناصر البيانات ثابتة الطول 00617cam a2200181 i 4500
005 - تاريخ ووقت آخر معاملة
حقل ضبط 20251108175053.0
008 - عناصر البيانات ثابتة الطول
عناصر البيانات ثابتة الطول 250721s2011 jo gr 000 0 ara d
020 ## - الترقيم الدولي المعياري للكتب (ردمك)
الترقيم الدولي المعياري للكتب (ردمك) 9879957222697
082 14 - رقم تصنيف ديوي العشري
رقم التصنيف 070
رقم المادة ص ق ر
100 1# - مدخل رئيسي – اسم شخصي
الاسم الشخصي الصقر، إياد محمد
245 10 - بيان العنوان
العنوان تصميم الصحافة المطبوعة و إخراجها /
بيان المسؤولية تأليف إياد محمد الصقر.
264 1# - بيانات النشر، التوزيع…إلخ
مكان النشر، التوزيع...إلخ عمان :
اسم الناشر، الموزع...إلخ دار أسامة للنشر و التوزيع،
تاريخ النشر، التوزيع...إلخ 2011.
300 ## - الوصف المادي
عدد الوحدات المكونة للوعاء 224 صفحة.
650 17 - مدخل إضافي بالموضوع - مصطلح موضوعي
مصطلح موضوعي أو اسم جغرافي كعنصر مدخل الاعلام العام.
650 17 - مدخل إضافي بالموضوع - مصطلح موضوعي
مصطلح موضوعي أو اسم جغرافي كعنصر مدخل الرعاية.
942 ## - بيانات إضافية (كوها)
نوع التنصيف Dewey Decimal Classification
نوع المادة (كوها) كتب
المقتنيات
حالة السحب حالة الفقدان مصدر التصنيف حالة التلف غير قابل للإعارة المكتبة الرئيسية المكتبة الحالية موقع الرف تاريخ التزويد الرقم المتسلسل Total Checkouts رقم الإستدعاء الباركود تاريخ آخر ظهور تاريخ الفاتورة نوع المادة (كوها)
    Dewey Decimal Classification     المكتبة المركزية المكتبة المركزية الإعارة 28/07/2025 1526931   070 / ص ق ر PLD00252097 28/07/2025 28/07/2025 كتب
    Dewey Decimal Classification     مكتبة أبو علندا العامة مكتبة أبو علندا العامة الإعارة 05/06/2012 1526932   070/صقر PLD00252115 28/07/2025 05/06/2012 كتب
    Dewey Decimal Classification     مكتبة صويلح العامة مكتبة صويلح العامة الإعارة 05/06/2012 1526933   070/صقر PLD00252116 28/07/2025 05/06/2012 كتب
Implemented & Customized by: BBB with SCIT (Smart Chains for Information Technology)

Powered by Koha